| 000 | 00681nam a2200217Ia 4500 | ||
|---|---|---|---|
| 003 | GCL | ||
| 008 | 140319s9999 xx 000 0 ara d | ||
| 040 |
_aGCL / _cGCL |
||
| 082 | 0 | 4 |
_a823 _bب م |
| 100 | 1 | _aانتونى بيرحس | |
| 245 | 1 | 0 |
_aالمسلمون قادمون أو (1985) / _cانتونى بيرحس |
| 700 | 1 | _aاحمد صديق | |
| 700 | 1 | _aمحمود عبدالحليم | |
| 260 |
_a[S.N] : _bالزهراء للاعلام العربى ، _c1988 |
||
| 300 | _a266 ص | ||
| 490 |
_aالف كتاب وكتاب _v0 |
||
| 650 | 0 | 4 | _aالادب العربى |
| 650 | 0 | 4 | _aالقصص القصيرة |
| 650 | 0 | 4 | _aالقصة العربية |
| 942 |
_2ddc _cBK |
||
| 999 |
_c33635 _d33635 |
||